000 01384nam a22004457a 4500
001 BR8502161
003 BR-BrBNA
005 20230928092142.0
007 ta
008 230509b bl.||||| |||| 00| 0 por d
040 _aBR-BrBNA
_bpor
_cBiblioteca Nacional de Agricultura
041 _a(Por)
072 _aF70; F01; H20
_b3359
_b3347
_b3373
_b3385
_b4150
_b4120
_b3875
_b/G514
090 _ 3359 BR8502161
110 1 _aSociedade Brasileira de Floricultura e Plantas Ornamentais, Campinas, SP (Brasil);
_99721
110 1 _aFundacao Cargill, Campinas, SP (Brasil)
111 1 _a1. Congresso Brasileiro de Floricultura e Plantas Ornamentais
_cCampinas, SP (Brazil)
_d30 Jun - 4 Jul 1980
245 1 _aAnais do 1. Congresso Brasileiro de Floricultura e Plantas Ornamentais
260 3 _aCampinas, SP (Brasil):
_c1985.
300 _a180 p.
650 _aORCHIDACEAE
650 _aORQUIDEA
650 _aCATLEIA
650 _aGLADIOLO
650 _aSAMAMBAIA
650 _aTAXONOMIA VEGETAL
650 _aDISTRIBUICAO GEOGRAFICA
650 _aVIROSE VEGETAL
650 _aFERRUGEM
650 _aSINTOMA
650 _aFUNGICIDA
650 _aCONTROLE QUIMICO
650 _aREPRODUCAO VEGETAL
650 _aCRESCIMENTO
650 _aPOS-COLHEITA
650 _aPRESERVATIVO
650 _aLONGEVIDADE
909 _a202309
_bLucia
_c55
_dLucia Elande
942 _cBK
999 _c37412
_d37412